Teaching high school science : a sourcebook for the biological sciences /

Bibliographic Details
Main Author: Morholt, Evelyn
Format: Book
Language:English
Published: New York : Harcourt, Brace, [1958]
Subjects:

MARC

Tag First Indicator Second Indicator Subfields
LEADER 00000cam a2200000 4500
001 in00000045147
005 20151007071115.0
008 721113s1958 nyua b 00010 eng u
010 |a  58008965  
035 |a (OCoLC)00492791 
035 |9 AAE5331AM 
040 |c DAY  |d TXA  |d UtOrBLW 
049 |a TXAM  |c 1 [355104]  
050 0 |a QH53  |b .M67 
082 0 |a 574 
092 |a 574.07  |b M853t, 1958 
100 1 |a Morholt, Evelyn. 
245 1 0 |a Teaching high school science :  |b a sourcebook for the biological sciences /  |c [by] Evelyn Morholt, Paul F. Brandwein [and] Alexander Joseph. 
264 1 |a New York :  |b Harcourt, Brace,  |c [1958] 
300 |a 506 pages :  |b illustrations ;  |c 24 cm. 
336 |a text  |b txt  |2 rdacontent 
337 |a unmediated  |b n  |2 rdamedia 
338 |a volume  |b nc  |2 rdacarrier 
504 |a Includes bibliography. 
650 0 |a Biology  |x Study and teaching. 
650 0 |a Biology  |v Outlines, syllabi, etc. 
999 |a MARS 
999 f f |s 4a943496-c84a-3a0c-97ae-43e6fbc44fdb  |i 0600e9cf-d805-3c47-8c3f-881dc02f710c  |t 0 
952 f f |p ric  |a Texas A&M University  |b Rellis Campus  |c Joint Library Facility  |d Remote Storage  |t 0  |e QH53 .M67  |h Library of Congress classification  |i unmediated -- volume  |m A14800972107 
998 f f |a QH53 .M67  |t 0  |l Remote Storage